A szleng használatának bizonyos aspektusai vizsgálat három kecskeméti középiskola diákjainak körében /

Elmentve itt :
Bibliográfiai részletek
Szerző: Szegedi Réka
További közreműködők: Basch Éva (Témavezető)
Dokumentumtípus: Szakdolgozat
Megjelent: 2010
Tárgyszavak:
Online Access:http://diploma.bibl.u-szeged.hu/96550
LEADER 00670nta a2200181 i 4500
001 dipl96550
005 20201222092821.0
008 201219s2010 hu om 0|| zxx d
040 |a SZTE Diploma Repozitórium  |b hun 
041 |a zxx 
100 1 |a Szegedi Réka 
245 1 2 |a A szleng használatának bizonyos aspektusai   |h [elektronikus dokumentum] :  |b vizsgálat három kecskeméti középiskola diákjainak körében /  |c Réka Szegedi 
260 |c 2010 
650 4 |a Pedagógusképzés 
650 4 |a Languages and Literature 
650 4 |a Linguistics 
700 1 |a Basch Éva  |e ths 
856 4 0 |u http://diploma.bibl.u-szeged.hu/id/eprint/96550/1/2010_szegedi_reka.pdf  |z Dokumentum-elérés